| 000 | 00856nam a22001697a 4500 | ||
|---|---|---|---|
| 003 | NUST | ||
| 005 | 20241030112921.0 | ||
| 008 | 241030b ||||| |||| 00| 0 eng d | ||
| 082 | _a511,ROS | ||
| 100 |
_aRosen, Kenneth H. _917956 |
||
| 245 |
_aDiscrete mathematics and its applications / _cKenneth H. Rosen. |
||
| 260 |
_aBoston : _bMcGraw-Hill, _cc2004 |
||
| 505 | _aThe Foundations;Logic and Proof Sets and Functions (Page-1), The Fundamentals : Algorithms the Integers, and Matrices (Page-119), Mathematical Reasoning Induction and Recursion (Page-213), Counting (Page-301), Discrete Probability (Page-355), Advanced Counting Techniques (Page-401), Relations (Page-471), Graphs (Page-537), Trees (Page-631), Boolean Algebra ((Page-739). | ||
| 650 |
_aComputer science -- Mathematics _9126608 |
||
| 651 |
_aMathematics _9102247 |
||
| 942 |
_2ddc _cBK |
||
| 999 |
_c612211 _d612211 |
||